| 000 | 00495nam a2200181Ia 4500 | ||
|---|---|---|---|
| 001 | 24168 | ||
| 005 | 20260414151025.0 | ||
| 008 | 260414t2014||||xx |||||||||||||| ||spa|| | ||
| 041 | _aESP | ||
| 082 |
_a791.4309 _bC84 |
||
| 100 |
_aCosta, Marco da _eAUT |
||
| 245 | 0 |
_aIdeología y propaganda en el cine del tercer Reich : _bcuando el cine alemán se afilió al nazismo |
|
| 260 | _c2014 | ||
| 300 |
_a316 páginas : _c21 cm. |
||
| 650 | _aABD | ||
| 654 | _aCAU | ||
| 942 |
_cLIB _dJUS _fJUS _2ddc _n |
||
| 999 |
_c24168 _d24168 |
||